Les néo-zélandais en Formule 1 - Statistiques

Statistiques générales
  • Ce quiz a été pris 11 fois
  • Le résultat moyen est 3 sur 10
Statistiques - réponses
Nb de Grands Prix Pilote Constructeurs Années de compétition % Correct
36 Liam Lawson AlphaTauri, Racing Bulls, Red Bull 2023-
91%
25 Brendon Hartley Toro Rosso 2017-2018
64%
112 Denny Hulme Brabham, McLaren 1965-1974
64%
98 Bruce McLaren Cooper, McLaren, Eagle 1959-1970
36%
96 Chris Amon Lola, Lotus, Cooper, Ferrari, March, Matra, Tecno, Tyrrell, Amon, BRM, Ensign 1963-1976
27%
1 Graham McRae Iso-Marlboro 1973
9%
35 Howden Ganley BRM, Iso-Marlboro, March 1971-1974
9%
1 John Nicholson Lyncar 1975
9%
2 Mike Thackwell Tyrrell, RAM 1980, 1984
9%
1 Tony Shelly Lotus 1962
9%
Aucun quiz correspondant
Distribution des résultats
% des personnes avec chaque résultat
Percentile par nombre de réponses
Votre historique - résultats
Vous n’avez pas pris ce quiz